| 000 | 00584nam a22002057a 4500 | ||
|---|---|---|---|
| 005 | 20240506133851.0 | ||
| 008 | 240506b |||||||| |||| 00| 0 eng d | ||
| 020 | _a9788131221044 | ||
| 082 |
_a610.76 _bVIJ-P |
||
| 100 | _aVij Prassan | ||
| 245 |
_aPostgraduate Medical Entrance Examinations(PGMEE) _cVij Prassan, Vikas Dhikav,Vivak Nalgikar |
||
| 260 |
_aindia; _bElsevier; _c2009. |
||
| 300 |
_aXII,942P. _bill; _c27cm. |
||
| 490 | _vvol 3. | ||
| 500 | _ainclude index . | ||
| 650 | _aMedical / Referance | ||
| 700 | _aVikas Dhikav | ||
| 700 | _aVivak Nalgikar | ||
| 999 |
_c35698 _d35698 |
||